Προβλήματα λόγου σε παιδιά προσχολικής και σχολικής ηλικίας : η επίδραση των προβλημάτων αυτών στη σχολική πράξη και επικοινωνία ; διπλωματική εργασία
Αποθηκεύτηκε σε:
| Κύριος συγγραφέας: | |
|---|---|
| Συγγραφή απο Οργανισμό/Αρχή: | |
| Άλλοι συγγραφείς: | , , |
| Μορφή: | Thesis Βιβλίο |
| Γλώσσα: | Greek |
| Δημοσίευση: |
Ρόδος :
Πανεπιστήμιο Αιγαίου, Τμήμα Νηπιαγωγών,
1998.
|
| Θέματα: | |
| Ετικέτες: |
Προσθήκη ετικέτας
Δεν υπάρχουν, Καταχωρήστε ετικέτα πρώτοι!
|
MARC
| LEADER | 00000cam a2200000 i 4500 | ||
|---|---|---|---|
| 001 | 1/57348 | ||
| 008 | 040610s1998 gre d | ||
| 035 | |l 10073755 | ||
| 040 | |a GR-MY-UA |b gre |e aacr | ||
| 041 | 0 | |a gre | |
| 082 | 7 | |a 155.4514 |2 (21) | |
| 100 | 1 | |a Σταθούλη, Μαρία. | |
| 245 | 1 | 0 | |a Προβλήματα λόγου σε παιδιά προσχολικής και σχολικής ηλικίας : |b η επίδραση των προβλημάτων αυτών στη σχολική πράξη και επικοινωνία ; διπλωματική εργασία / |c Σταθούλη Μαρία ; επιβλέπουσα διδάσκουσα: Παπούδη Δέσποινα ; εξεταστική επιτροπή: Καϊλα Μαρία, Πολεμικός Νικήτας |
| 260 | |a Ρόδος : |b Πανεπιστήμιο Αιγαίου, Τμήμα Νηπιαγωγών, |c 1998. | ||
| 300 | |a 170 σ. ; |c 30 εκ. | ||
| 502 | |a Πτυχιακή εργασία – Πανεπιστήμιο Αιγαίου, Ρόδος, 1998. | ||
| 504 | |a Περιέχει βιβλιογραφικές αναφορές. | ||
| 610 | 2 | 0 | |a University of the Aegean |x Dissertations. |
| 650 | 0 | 0 | |a Speech disorders in children. |
| 650 | 0 | 0 | |a Dissertations, Academic |z Greece. |
| 700 | 0 | |a Παπούδη, Δέσποινα. |4 ths | |
| 700 | 1 | |a Πολεμικός, Νικήτας Ε. |4 ths | |
| 700 | 1 | |4 ths |a Καΐλα, Μαρία Α. | |
| 710 | 2 | |a Πανεπιστήμιο Αιγαίου |b Σχολή Ανθρωπιστικών Σπουδών |b Τμήμα Επιστημών Προσχολικής Αγωγής και Εκπαιδευτικού Σχεδιασμού. | |
| 852 | |a INST |b RHODES |c DIATR |e 20040610 |h 155.4514 ΣΤΑ |p 005400018816 |q 005400018816 |t DIE |y 23 | ||
| 901 | |a BIBL4-2004-2 | ||
| 909 | |a Ρ |b 109695 | ||
| 924 | |a ΣΤΑΘΟΥΛΗ |b ΜΑΡΙΑ |y Ρόδος |z 1998-07 | ||
| 970 | |a ΚΟΥΛΑΚΙΟΤΗ |b ΛΙΤΣΑ |z 2004/06/10 | ||